01564cam a2200349 a 4500001001400000003000800014005001700022006001900039007001500058008004100073020003800114040003000152049002600182050002600208082002300234100002600257245008200283260003500365300004500400504005100445520030900496521001700805588004700822650006400869650006000933655002900993710001601022776003501038856010601073942001601179999001901195EDZ0000071564StDuBDS20161031105207.0m||||||||d||||||||cr |||||||||||120405s2005 enka fo| 001|0|eng d a9781446211632 (ebook) :cNo price aStDuBDSbengcStDuBDSepn aAlfaisal Main Library 0aLB1591.5.G7bN49 200504a372.35804409412231 aNewton, D.q(Douglas)10aTeaching design and technology 3-11h[electronic resource] /cDouglas Newton. aLondon :bPaul Chapman,c2005. a1 online resource (viii, 184 p.) :bill. aIncludes bibliographical references and index.8 aAssuming no prior knowledge and using ideas that have been road-tested and developed over many years of teaching and training, this straightforward guide will help prepare student and practising teachers to teach design and technology in the primary school and related activities in the very early years. aSpecialized. aDescription based on print version record. 0aTechnologyxStudy and teaching (Elementary)zGreat Britain. 0aDesignxStudy and teaching (Elementary)zGreat Britain. 7aElectronic books.2local2 aSage eBooks08iPrint version :z978141290161140uhttp://ezproxy.alfaisal.edu/login?url=http://sk.sagepub.com/books/teaching-design-and-technology-3-11 2lcccEBOOKS c481402d481402